Návrh nariadenia o patente Únie a jeho vzťah k Európskemu patentovému dohovoru
Potreba jednotného patentu v Európskej únii. Na veľkej časti územia Európy je možnosť uplatnenia tzv. európskeho patentu - zavedený v roku 1973 ako produkt Mníchovského dohovoru - Európska patentová dohoda (EPD). Návrh nariadenia o patente Únie.
Gespeichert in:
| 1. Verfasser: | |
|---|---|
| Format: | Buchkapitel |
| Sprache: | Slowakisch |
| Schlagworte: | |
| Tags: |
Keine Tags, Fügen Sie das erste Tag hinzu!
|
MARC
| LEADER | 00000naa a2200000 4500 | ||
|---|---|---|---|
| 001 | r042391 | ||
| 005 | 20230529124711.2 | ||
| 041 | 0 | |a slo | |
| 044 | |a SK | ||
| 245 | 1 | 0 | |a Návrh nariadenia o patente Únie a jeho vzťah k Európskemu patentovému dohovoru |c Vladimír Banský |
| 520 | |a Potreba jednotného patentu v Európskej únii. Na veľkej časti územia Európy je možnosť uplatnenia tzv. európskeho patentu - zavedený v roku 1973 ako produkt Mníchovského dohovoru - Európska patentová dohoda (EPD). Návrh nariadenia o patente Únie. | ||
| 610 | 2 | 0 | |a patenty |
| 610 | 2 | 0 | |a Európska únia |
| 610 | 2 | 0 | |a dohody medzinárodné |
| 100 | 1 | |a Banský, Vladimír | |